000 00713nam a2200241Ia 4500
003 OSt
005 20220923224833.0
006 a|||||r|||| 00| 0
007 ta
008 220922b |||||||| |||| 00| 0 hin d
024 _a251,890
037 _cTextual
040 _aARTS
_cARTS
_bhin
041 _2hin
_ahin
082 _aY, 152L0
100 _aअर्गह
245 0 _aसमाजशास्त्र की प्राथमिक धारणाऐं
246 _aSamājashāstra kī prāthamik dhāraṇāaian
260 _c1970
650 _aभारतीय-लोक साहित्य
942 _hY, 152L0
_cTEXL
_2CC
999 _c374023
_d374023